[Event "Villarobledo Online Qualifyer"]
[Site "playchess.com #155672"]
[Date "2009.05.23"]
[Round "6"]
[White "stefanovitch"]
[Black "Kingsize"]
[Result "1-0"]
[WhiteElo "1640"]
[BlackElo "1476"]
[PlyCount "163"]
[EventDate "2009.05.23"]
[EventType "swiss (blitz)"]

1. f4 {[%emt 0:00:02]} d5 {[%emt 0:00:02]} 2. Nf3 {[%emt 0:00:01]} c5 {[%emt 0:
00:04]} 3. e3 {[%emt 0:00:01]} e6 {[%emt 0:00:02]} 4. Be2 {[%emt 0:00:01]} Nc6
{[%emt 0:00:01]} 5. O-O {[%emt 0:00:00]} Nf6 {[%emt 0:00:04]} 6. b3 {[%emt 0:
00:00]} Be7 {[%emt 0:00:05]} 7. Bb2 {[%emt 0:00:01]} O-O {[%emt 0:00:02]} 8. h3
{[%emt 0:00:01]} a6 {[%emt 0:00:02]} 9. a3 {[%emt 0:00:01]} b5 {[%emt 0:00:02]}
10. d3 {[%emt 0:00:01]} Bb7 {[%emt 0:00:02]} 11. Nbd2 {[%emt 0:00:01]} Qc7 {
[%emt 0:00:07]} 12. Ne5 {[%emt 0:00:02]} Nd7 {[%emt 0:00:11]} 13. Ndf3 {[%emt
0:00:02]} Ncxe5 {[%emt 0:00:02]} 14. Nxe5 {[%emt 0:00:02]} f6 {[%emt 0:00:05]}
15. Nxd7 {[%emt 0:00:15]} Qxd7 {[%emt 0:00:03]} 16. Qe1 {[%emt 0:00:11]} f5 {
[%emt 0:00:02]} 17. Rd1 {[%emt 0:00:14]} Bf6 {[%emt 0:00:03]} 18. Bxf6 {[%emt
0:00:05]} Rxf6 {[%emt 0:00:01]} 19. e4 {[%emt 0:00:04]} d4 {[%emt 0:00:12]} 20.
e5 {[%emt 0:00:03]} Rff8 {[%emt 0:00:11]} 21. Bf3 {[%emt 0:00:02]} Bxf3 {[%emt
0:00:03]} 22. Rxf3 {[%emt 0:00:02]} a5 {[%emt 0:00:09]} 23. b4 {[%emt 0:00:25]}
axb4 {[%emt 0:00:09]} 24. axb4 {[%emt 0:00:01]} c4 {[%emt 0:00:15]} 25. dxc4 {
[%emt 0:00:03]} bxc4 {[%emt 0:00:02]} 26. c3 {[%emt 0:00:00]} d3 {[%emt 0:00:
02]} 27. g4 {[%emt 0:00:36]} Ra2 {[%emt 0:00:06]} 28. Rd2 {[%emt 0:00:13]} Rfa8
{[%emt 0:00:46]} 29. Rxa2 {[%emt 0:00:02]} Rxa2 {[%emt 0:00:02]} 30. Rf2 {
[%emt 0:00:06]} Qa7 {[%emt 0:00:03]} 31. Kg2 {[%emt 0:00:09]} Qb7+ {[%emt 0:00:
13]} 32. Kh2 {[%emt 0:00:12]} Rxf2+ {[%emt 0:00:09]} 33. Qxf2 {[%emt 0:00:02]}
Qd5 {[%emt 0:00:02]} 34. Qd2 {[%emt 0:00:05]} Qf3 {[%emt 0:00:06]} 35. Kg1 {
[%emt 0:00:30]} fxg4 {[%emt 0:00:08]} 36. hxg4 {[%emt 0:00:03]} Qxg4+ {[%emt 0:
00:01]} 37. Kf2 {[%emt 0:00:02]} h5 {[%emt 0:00:05]} 38. b5 {[%emt 0:00:05]} h4
{[%emt 0:00:04]} 39. b6 {[%emt 0:00:01]} Qg3+ {[%emt 0:00:03]} 40. Kf1 {[%emt
0:00:02]} Qg6 {[%emt 0:00:06]} 41. Qe3 {[%emt 0:00:14]} Qe8 {[%emt 0:00:10]}
42. Qc5 {[%emt 0:00:03]} d2 {[%emt 0:00:04]} 43. Ke2 {[%emt 0:00:03]} Qd8 {
[%emt 0:00:02]} 44. Kd1 {[%emt 0:00:03]} h3 {[%emt 0:00:02]} 45. Qxc4 {[%emt 0:
00:12]} h2 {[%emt 0:00:03]} 46. Qxe6+ {[%emt 0:00:01]} Kh8 {[%emt 0:00:02]} 47.
Qh3+ {[%emt 0:00:01]} Kg8 {[%emt 0:00:01]} 48. Qxh2 {[%emt 0:00:00]} Qxb6 {
[%emt 0:00:01]} 49. Qxd2 {[%emt 0:00:01]} Qg1+ {[%emt 0:00:03]} 50. Kc2 {[%emt
0:00:01]} Qc5 {[%emt 0:00:02]} 51. Qd4 {[%emt 0:00:02]} Qa3 {[%emt 0:00:02]}
52. Kd3 {[%emt 0:00:02]} Qa6+ {[%emt 0:00:02]} 53. c4 {[%emt 0:00:02]} Qa3+ {
[%emt 0:00:01]} 54. Ke4 {[%emt 0:00:01]} Qc1 {[%emt 0:00:02]} 55. Qd5+ {[%emt
0:00:01]} Kh8 {[%emt 0:00:03]} 56. c5 {[%emt 0:00:03]} Qe1+ {[%emt 0:00:02]}
57. Kf5 {[%emt 0:00:01]} Qb1+ {[%emt 0:00:04]} 58. Qe4 {[%emt 0:00:02]} Qg1 {
[%emt 0:00:04]} 59. c6 {[%emt 0:00:02]} g6+ {[%emt 0:00:01]} 60. Ke6 {[%emt 0:
00:03]} Kh7 {[%emt 0:00:04]} 61. c7 {[%emt 0:00:02]} Qc1 {[%emt 0:00:02]} 62.
Qb7 {[%emt 0:00:10] .} Qc4+ {[%emt 0:00:02]} 63. Ke7 {[%emt 0:00:01]} Qc5+ {
[%emt 0:00:02]} 64. Kd8 {[%emt 0:00:02]} Qf8+ {[%emt 0:00:02]} 65. Kd7 {[%emt
0:00:01]} Qf7+ {[%emt 0:00:01]} 66. Kc6 {[%emt 0:00:01]} Qe6+ {[%emt 0:00:01]}
67. Kb5 {[%emt 0:00:01]} Qd7+ {[%emt 0:00:02]} 68. Kb6 {[%emt 0:00:02]} Qd4+ {
[%emt 0:00:02]} 69. Ka6 {[%emt 0:00:01]} Qc4+ {[%emt 0:00:02]} 70. Ka7 {[%emt
0:00:01]} Qc5+ {[%emt 0:00:01]} 71. Kb8 {[%emt 0:00:01]} Qf8+ {[%emt 0:00:02]}
72. c8=Q+ {[%emt 0:00:02]} Qg7 {[%emt 0:00:11]} 73. Qxg7+ {[%emt 0:00:01]} Kxg7
{[%emt 0:00:01]} 74. Qd7+ {[%emt 0:00:02]} Kh6 {[%emt 0:00:01]} 75. e6 {[%emt
0:00:00]} g5 {[%emt 0:00:02]} 76. e7 {[%emt 0:00:00]} Kh5 {[%emt 0:00:02]} 77.
e8=Q+ {[%emt 0:00:02]} Kh4 {[%emt 0:00:02]} 78. fxg5 {[%emt 0:00:00]} Kg3 {
[%emt 0:00:02]} 79. Qe3+ {[%emt 0:00:02]} Kh4 {[%emt 0:00:02]} 80. Qh7+ {[%emt
0:00:03]} Kg4 {[%emt 0:00:01]} 81. Qee4+ {[%emt 0:00:02]} Kg3 {[%emt 0:00:01]}
82. Qhh4# {[%emt 0:00:03]} 1-0

[Event "Villarobledo Online Qualifyer"]
[Site "playchess.com #155672"]
[Date "2009.05.23"]
[Round "7"]
[White "TheMaster15"]
[Black "Elo 84"]
[Result "1-0"]
[WhiteElo "2244"]
[BlackElo "1667"]
[PlyCount "31"]
[EventDate "2009.05.23"]
[EventType "swiss (blitz)"]

1. e4 {[%emt 0:00:02]} c5 {[%emt 0:00:01]} 2. Nc3 {[%emt 0:00:01]} d6 {[%emt 0:
00:01]} 3. f4 {[%emt 0:00:01]} a6 {[%emt 0:00:01]} 4. Bc4 {[%emt 0:00:02]} e6 {
[%emt 0:00:01]} 5. a4 {[%emt 0:00:01]} b6 {[%emt 0:00:01]} 6. Nf3 {[%emt 0:00:
01]} Bb7 {[%emt 0:00:01]} 7. O-O {[%emt 0:00:01]} Nf6 {[%emt 0:00:02]} 8. d3 {
[%emt 0:00:01]} Qc7 {[%emt 0:00:01]} 9. Qe2 {[%emt 0:00:01]} Nbd7 {[%emt 0:00:
01]} 10. f5 {[%emt 0:00:04]} e5 {[%emt 0:00:01]} 11. Ng5 {[%emt 0:00:02]} h6 {
[%emt 0:00:02]} 12. Nxf7 {[%emt 0:00:01]} d5 {[%emt 0:00:04]} 13. exd5 {[%emt
0:00:08]} Nxd5 {[%emt 0:00:13]} 14. Nxd5 {[%emt 0:00:03]} Bxd5 {[%emt 0:00:00]}
15. Bxd5 {[%emt 0:00:01]} Rc8 {[%emt 0:00:01]} 16. Nxh8 {[%emt 0:00:02] Elo 84
abandonne} 1-0

[Event "Villarobledo Online Qualifyer"]
[Site "playchess.com #155672"]
[Date "2009.05.23"]
[Round "7"]
[White "Tomik Trhal"]
[Black "Chesshero045"]
[Result "1-0"]
[WhiteElo "2183"]
[BlackElo "1989"]
[PlyCount "29"]
[EventDate "2009.05.23"]
[EventType "swiss (blitz)"]

1. e4 {[%emt 0:00:02]} e5 {[%emt 0:00:02]} 2. Nf3 {[%emt 0:00:05]} Nf6 {[%emt
0:00:01]} 3. Nc3 {[%emt 0:00:01]} Bb4 {[%emt 0:00:01]} 4. Nxe5 {[%emt 0:00:01]}
O-O {[%emt 0:00:03]} 5. Bc4 {[%emt 0:00:01]} Qe7 {[%emt 0:00:02]} 6. Nf3 {
[%emt 0:00:04]} Nxe4 {[%emt 0:00:04]} 7. O-O {[%emt 0:00:01]} Nxc3 {[%emt 0:00:
04]} 8. dxc3 {[%emt 0:00:01]} Bc5 {[%emt 0:00:02]} 9. Re1 {[%emt 0:00:01]} Qf6
{[%emt 0:00:03]} 10. Bg5 {[%emt 0:00:02]} Qb6 {[%emt 0:00:04]} 11. b4 {[%emt 0:
00:05]} Bxf2+ {[%emt 0:00:02]} 12. Kh1 {[%emt 0:00:06]} Bxe1 {[%emt 0:00:01]}
13. Qxe1 {[%emt 0:00:01]} Nc6 {[%emt 0:00:11]} 14. Be3 {[%emt 0:00:09]} Re8 {
[%emt 0:00:07]} 15. Bxb6 {[%emt 0:00:02] Chesshero045 gibt auf} 1-0

[Event "Villarobledo Online Qualifyer"]
[Site "playchess.com #155672"]
[Date "2009.05.23"]
[Round "7"]
[White "ZECE"]
[Black "BigBee"]
[Result "1-0"]
[WhiteElo "2034"]
[BlackElo "1788"]
[PlyCount "37"]
[EventDate "2009.05.23"]
[EventType "swiss (blitz)"]

1. e4 {[%emt 0:00:05]} c6 {[%emt 0:00:01]} 2. Nf3 {[%emt 0:00:14]} d5 {[%emt 0:
00:00]} 3. exd5 {[%emt 0:00:06]} cxd5 {[%emt 0:00:00]} 4. Nc3 {[%emt 0:00:06]}
Nf6 {[%emt 0:00:01]} 5. Bb5+ {[%emt 0:00:07]} Nc6 {[%emt 0:00:01]} 6. O-O {
[%emt 0:00:04]} Bg4 {[%emt 0:00:11]} 7. h3 {[%emt 0:00:12]} Bh5 {[%emt 0:00:02]
} 8. g4 {[%emt 0:00:04]} Bg6 {[%emt 0:00:02]} 9. d3 {[%emt 0:00:04]} e6 {[%emt
0:00:03]} 10. Re1 {[%emt 0:00:06]} Be7 {[%emt 0:00:02]} 11. Ne5 {[%emt 0:00:06]
} Rc8 {[%emt 0:00:02]} 12. Bf4 {[%emt 0:00:05]} O-O {[%emt 0:00:03]} 13. Bxc6 {
[%emt 0:00:05]} bxc6 {[%emt 0:00:02]} 14. Bg5 {[%emt 0:00:04]} Qc7 {[%emt 0:00:
11]} 15. Qf3 {[%emt 0:00:05]} Rb8 {[%emt 0:00:07]} 16. Bf4 {[%emt 0:00:05]} Bd6
{[%emt 0:00:03]} 17. Qg3 {[%emt 0:00:04]} Rfd8 {[%emt 0:00:06]} 18. Rab1 {
[%emt 0:00:05]} Nd7 {[%emt 0:00:12]} 19. Nxg6 {[%emt 0:00:06] BigBee gibt auf}
1-0

[Event "Villarobledo Online Qualifyer"]
[Site "playchess.com #155672"]
[Date "2009.05.23"]
[Round "7"]
[White "Ol38130"]
[Black "Altruder"]
[Result "1/2-1/2"]
[WhiteElo "1790"]
[BlackElo "1680"]
[PlyCount "93"]
[EventDate "2009.05.23"]
[EventType "swiss (blitz)"]

1. d4 {[%emt 0:00:02]} f5 {[%emt 0:00:02]} 2. Nf3 {[%emt 0:00:01]} Nf6 {[%emt
0:00:01]} 3. Bg5 {[%emt 0:00:00]} g6 {[%emt 0:00:01]} 4. Bxf6 {[%emt 0:00:01]}
exf6 {[%emt 0:00:01]} 5. Nbd2 {[%emt 0:00:00]} Bg7 {[%emt 0:00:03]} 6. c4 {
[%emt 0:00:00]} O-O {[%emt 0:00:01]} 7. e3 {[%emt 0:00:00]} d5 {[%emt 0:00:01]}
8. Qb3 {[%emt 0:00:03]} c6 {[%emt 0:00:03]} 9. Bd3 {[%emt 0:00:01]} Qb6 {[%emt
0:00:06]} 10. cxd5 {[%emt 0:00:03]} Qxb3 {[%emt 0:00:02]} 11. Nxb3 {[%emt 0:00:
00]} cxd5 {[%emt 0:00:01]} 12. Kd2 {[%emt 0:00:01]} Nc6 {[%emt 0:00:02]} 13. a3
{[%emt 0:00:02]} Be6 {[%emt 0:00:02]} 14. Nc5 {[%emt 0:00:01]} Bc8 {[%emt 0:00:
04]} 15. Rhc1 {[%emt 0:00:01]} b6 {[%emt 0:00:03]} 16. Bb5 {[%emt 0:00:06]} Bb7
{[%emt 0:00:03]} 17. Nxb7 {[%emt 0:00:01]} Na5 {[%emt 0:00:06]} 18. b4 {[%emt
0:00:02]} Nc4+ {[%emt 0:00:01]} 19. Bxc4 {[%emt 0:00:01]} dxc4 {[%emt 0:00:00]}
20. Rxc4 {[%emt 0:00:01]} Rf7 {[%emt 0:00:02]} 21. Nd6 {[%emt 0:00:02]} Rd7 {
[%emt 0:00:01]} 22. Nb5 {[%emt 0:00:05]} a6 {[%emt 0:00:01]} 23. Nc3 {[%emt 0:
00:04]} Rad8 {[%emt 0:00:01]} 24. Ne2 {[%emt 0:00:01]} g5 {[%emt 0:00:01]} 25.
h3 {[%emt 0:00:01]} f4 {[%emt 0:00:01]} 26. e4 {[%emt 0:00:04]} f5 {[%emt 0:00:
01]} 27. exf5 {[%emt 0:00:01]} b5 {[%emt 0:00:05]} 28. Rc6 {[%emt 0:00:01]} Rd5
{[%emt 0:00:11]} 29. f6 {[%emt 0:00:01]} Bf8 {[%emt 0:00:06]} 30. Rxa6 {[%emt
0:00:01]} h5 {[%emt 0:00:07]} 31. Rc1 {[%emt 0:00:08]} g4 {[%emt 0:00:01]} 32.
hxg4 {[%emt 0:00:02]} hxg4 {[%emt 0:00:01]} 33. Ne1 {[%emt 0:00:03]} Kf7 {
[%emt 0:00:01]} 34. Rc7+ {[%emt 0:00:02]} Kg6 {[%emt 0:00:03]} 35. Kd3 {[%emt
0:00:02]} Kf5 {[%emt 0:00:06]} 36. Rf7 {[%emt 0:00:06] Ol38130 réclame le gain
suite à déconnexion} Kg5 {[%emt 0:00:23]} 37. Ke4 {[%emt 0:00:07]} Kg6 {[%emt
0:00:11]} 38. Rxf8 {[%emt 0:00:01]} Rxf8 {[%emt 0:00:02]} 39. Kxd5 {[%emt 0:00:
01]} Rxf6 {[%emt 0:00:02]} 40. Rxf6+ {[%emt 0:00:00]} Kxf6 {[%emt 0:00:01]} 41.
Nxf4 {[%emt 0:00:00]} Kf5 {[%emt 0:00:01]} 42. g3 {[%emt 0:00:00]} Kg5 {[%emt
0:00:02]} 43. Neg2 {[%emt 0:00:01]} Kf5 {[%emt 0:00:01]} 44. Ne3+ {[%emt 0:00:
00]} Kg5 {[%emt 0:00:01]} 45. Ke5 {[%emt 0:00:03]} Kh6 {[%emt 0:00:02]} 46.
Nxg4+ {[%emt 0:00:00]} Kg5 {[%emt 0:00:01]} 47. f3 {[%emt 0:00:01]} 1/2-1/2

[Event "Villarobledo Online Qualifyer"]
[Site "playchess.com #155672"]
[Date "2009.05.23"]
[Round "7"]
[White "Lupi_linares"]
[Black "Imperatrix"]
[Result "0-1"]
[WhiteElo "1771"]
[BlackElo "1716"]
[PlyCount "46"]
[EventDate "2009.05.23"]
[EventType "swiss (blitz)"]

1. d4 {[%emt 0:00:16]} Nf6 {[%emt 0:00:03]} 2. c4 {[%emt 0:00:01]} g6 {[%emt 0:
00:01]} 3. Nc3 {[%emt 0:00:01]} d5 {[%emt 0:00:01]} 4. cxd5 {[%emt 0:00:01]}
Nxd5 {[%emt 0:00:01]} 5. e4 {[%emt 0:00:01]} Nxc3 {[%emt 0:00:01]} 6. bxc3 {
[%emt 0:00:01]} Bg7 {[%emt 0:00:01]} 7. Bc4 {[%emt 0:00:01]} O-O {[%emt 0:00:
01]} 8. Be3 {[%emt 0:00:02]} c5 {[%emt 0:00:01]} 9. Ne2 {[%emt 0:00:01]} Nc6 {
[%emt 0:00:02]} 10. O-O {[%emt 0:00:02]} Bg4 {[%emt 0:00:02]} 11. f3 {[%emt 0:
00:01]} cxd4 {[%emt 0:00:01]} 12. cxd4 {[%emt 0:00:02]} Na5 {[%emt 0:00:01]}
13. Bd3 {[%emt 0:00:01]} Be6 {[%emt 0:00:01]} 14. d5 {[%emt 0:00:01]} Bxa1 {
[%emt 0:00:02]} 15. Qxa1 {[%emt 0:00:01]} f6 {[%emt 0:00:01]} 16. Bh6 {[%emt 0:
00:06]} Re8 {[%emt 0:00:01]} 17. Qd4 {[%emt 0:00:05]} Bf7 {[%emt 0:00:04]} 18.
Qf2 {[%emt 0:00:05]} a6 {[%emt 0:00:12]} 19. f4 {[%emt 0:00:04]} Rc8 {[%emt 0:
00:07]} 20. g4 {[%emt 0:00:12]} Nc4 {[%emt 0:00:10]} 21. h4 {[%emt 0:00:34]}
Qb6 {[%emt 0:00:03]} 22. Nd4 {[%emt 0:00:03]} Qb2 {[%emt 0:00:19]} 23. Qg3 {
[%emt 0:00:43]} Qxd4+ {[%emt 0:00:03] Lupi_linares rinde} 0-1

[Event "Villarobledo Online Qualifyer"]
[Site "playchess.com #155672"]
[Date "2009.05.23"]
[Round "7"]
[White "Miras"]
[Black "stefanovitch"]
[Result "0-1"]
[WhiteElo "1734"]
[BlackElo "1650"]
[PlyCount "48"]
[EventDate "2009.05.23"]
[EventType "swiss (blitz)"]

1. e4 {[%emt 0:00:01]} d5 {[%emt 0:00:02]} 2. exd5 {[%emt 0:00:03]} Qxd5 {
[%emt 0:00:01]} 3. Nc3 {[%emt 0:00:01]} Qd6 {[%emt 0:00:01]} 4. d4 {[%emt 0:00:
01]} Nf6 {[%emt 0:00:02]} 5. g3 {[%emt 0:00:05]} Bg4 {[%emt 0:00:02]} 6. Nge2 {
[%emt 0:00:02]} Bxe2 {[%emt 0:00:04]} 7. Qxe2 {[%emt 0:00:06]} e6 {[%emt 0:00:
09]} 8. Bg2 {[%emt 0:00:05]} c6 {[%emt 0:00:02]} 9. Be3 {[%emt 0:00:04]} Be7 {
[%emt 0:00:02]} 10. Rd1 {[%emt 0:00:02]} Qb4 {[%emt 0:00:06]} 11. Qd3 {[%emt 0:
00:09]} Nbd7 {[%emt 0:00:11]} 12. O-O {[%emt 0:00:02]} O-O {[%emt 0:00:04]} 13.
b3 {[%emt 0:00:03]} Nd5 {[%emt 0:00:10]} 14. Ne2 {[%emt 0:00:02]} Nxe3 {[%emt
0:00:20]} 15. fxe3 {[%emt 0:00:02]} Nf6 {[%emt 0:00:09]} 16. c4 {[%emt 0:00:06]
} Rad8 {[%emt 0:00:04]} 17. e4 {[%emt 0:00:06]} Qb6 {[%emt 0:00:08]} 18. Kh1 {
[%emt 0:00:03]} a5 {[%emt 0:00:14]} 19. e5 {[%emt 0:00:14]} Nd7 {[%emt 0:00:07]
} 20. Nc3 {[%emt 0:00:02]} Nxe5 {[%emt 0:00:04]} 21. Qe3 {[%emt 0:00:17]} Ng6 {
[%emt 0:00:03]} 22. Rd2 {[%emt 0:00:10]} Bb4 {[%emt 0:00:03]} 23. Rfd1 {[%emt
0:00:05]} e5 {[%emt 0:00:15]} 24. d5 {[%emt 0:00:03]} Qxe3 {[%emt 0:00:02]
Miras ñäàåòñÿ} 0-1

[Event "Villarobledo Online Qualifyer"]
[Site "playchess.com #155672"]
[Date "2009.05.23"]
[Round "7"]
[White "retep1"]
[Black "Marx"]
[Result "0-1"]
[WhiteElo "1551"]
[BlackElo "1313"]
[PlyCount "50"]
[EventDate "2009.05.23"]
[EventType "swiss (blitz)"]

1. e4 {[%emt 0:00:27]} Nc6 {[%emt 0:00:03]} 2. Nf3 {[%emt 0:00:05]} d6 {[%emt
0:00:03]} 3. d4 {[%emt 0:00:01]} Bg4 {[%emt 0:00:01]} 4. Be3 {[%emt 0:00:04]}
Nf6 {[%emt 0:00:03]} 5. c3 {[%emt 0:00:07]} Nxe4 {[%emt 0:00:10]} 6. Be2 {
[%emt 0:00:01]} h5 {[%emt 0:00:15]} 7. h3 {[%emt 0:00:03]} Bxf3 {[%emt 0:00:01]
} 8. Bxf3 {[%emt 0:00:02]} d5 {[%emt 0:00:01]} 9. Nd2 {[%emt 0:00:04]} Nf6 {
[%emt 0:00:30]} 10. Bg5 {[%emt 0:00:05]} Qd7 {[%emt 0:00:12]} 11. Bxf6 {[%emt
0:00:05]} gxf6 {[%emt 0:00:03]} 12. Bxh5 {[%emt 0:00:02]} O-O-O {[%emt 0:00:05]
} 13. Bf3 {[%emt 0:00:05]} e6 {[%emt 0:00:03]} 14. Qa4 {[%emt 0:00:08]} Qd6 {
[%emt 0:00:17]} 15. O-O-O {[%emt 0:00:11]} e5 {[%emt 0:00:10]} 16. Nb3 {[%emt
0:00:06]} e4 {[%emt 0:00:03]} 17. Be2 {[%emt 0:00:01]} Qf4+ {[%emt 0:00:03]}
18. Kb1 {[%emt 0:00:05]} Qxf2 {[%emt 0:00:01]} 19. Bb5 {[%emt 0:00:02]} e3 {
[%emt 0:00:38]} 20. Bxc6 {[%emt 0:00:02]} bxc6 {[%emt 0:00:01]} 21. Qxa7 {
[%emt 0:00:05]} e2 {[%emt 0:00:01]} 22. Rde1 {[%emt 0:00:01]} Kd7 {[%emt 0:00:
24]} 23. Qa6 {[%emt 0:00:15]} Bd6 {[%emt 0:00:04]} 24. Rxe2 {[%emt 0:00:08]}
Qf5+ {[%emt 0:00:07]} 25. Qd3 {[%emt 0:00:07]} Qxd3+ {[%emt 0:00:03] retep1
gibt auf} 0-1

[Event "Villarobledo Online Qualifyer"]
[Site "playchess.com #155672"]
[Date "2009.05.23"]
[Round "7"]
[White "Manza"]
[Black "Krondor"]
[Result "1-0"]
[WhiteElo "1543"]
[BlackElo "1516"]
[PlyCount "39"]
[EventDate "2009.05.23"]
[EventType "swiss (blitz)"]

1. e4 {[%emt 0:00:01]} e5 {[%emt 0:00:01]} 2. Nf3 {[%emt 0:00:01]} Nf6 {[%emt
0:00:01]} 3. Nc3 {[%emt 0:00:02]} Bb4 {[%emt 0:00:02]} 4. a3 {[%emt 0:00:08]}
Bxc3 {[%emt 0:00:02]} 5. bxc3 {[%emt 0:00:03]} d6 {[%emt 0:00:02]} 6. Bc4 {
[%emt 0:00:08]} Nxe4 {[%emt 0:00:03]} 7. d4 {[%emt 0:00:07]} Nxc3 {[%emt 0:00:
25]} 8. Qd3 {[%emt 0:00:37]} e4 {[%emt 0:00:18]} 9. Qxc3 {[%emt 0:00:12]} exf3
{[%emt 0:00:02]} 10. Qxf3 {[%emt 0:00:02]} Qe7+ {[%emt 0:00:02]} 11. Be3 {
[%emt 0:00:13]} O-O {[%emt 0:00:04]} 12. O-O {[%emt 0:00:01]} c6 {[%emt 0:00:
15]} 13. Rfe1 {[%emt 0:00:08]} d5 {[%emt 0:00:04]} 14. Bf4 {[%emt 0:00:12]} Qd7
{[%emt 0:00:02]} 15. Bd3 {[%emt 0:00:07]} Qd8 {[%emt 0:00:13]} 16. Qg3 {[%emt
0:00:11]} g6 {[%emt 0:00:14]} 17. Bxb8 {[%emt 0:00:04]} Be6 {[%emt 0:00:10]}
18. Be5 {[%emt 0:00:10]} Qa5 {[%emt 0:00:26]} 19. Qh4 {[%emt 0:00:19]} h5 {
[%emt 0:00:17]} 20. Qf6 {[%emt 0:00:03] Krondor resigns} 1-0

[Event "Villarobledo Online Qualifyer"]
[Site "playchess.com #155672"]
[Date "2009.05.23"]
[Round "7"]
[White "Iluminao"]
[Black "Daky Fighter"]
[Result "1-0"]
[WhiteElo "2356"]
[BlackElo "1651"]
[PlyCount "67"]
[EventDate "2009.05.23"]
[EventType "swiss (blitz)"]

1. d4 {[%emt 0:00:03]} Nf6 {[%emt 0:00:05]} 2. c4 {[%emt 0:00:01]} c5 {[%emt 0:
00:01]} 3. d5 {[%emt 0:00:07]} b5 {[%emt 0:00:01]} 4. cxb5 {[%emt 0:00:01]} a6
{[%emt 0:00:01]} 5. b6 {[%emt 0:00:00]} d6 {[%emt 0:00:02]} 6. Nc3 {[%emt 0:00:
00]} g6 {[%emt 0:00:01]} 7. e4 {[%emt 0:00:00]} Bg7 {[%emt 0:00:03]} 8. Nf3 {
[%emt 0:00:00]} O-O {[%emt 0:00:02]} 9. Be2 {[%emt 0:00:00]} Qxb6 {[%emt 0:00:
04]} 10. Nd2 {[%emt 0:00:01]} Nbd7 {[%emt 0:00:04]} 11. a4 {[%emt 0:00:01]} Rb8
{[%emt 0:00:10]} 12. a5 {[%emt 0:00:02]} Qc7 {[%emt 0:00:02]} 13. Nc4 {[%emt 0:
00:02]} Ne8 {[%emt 0:00:09]} 14. O-O {[%emt 0:00:04]} Rb4 {[%emt 0:00:21]} 15.
Bd2 {[%emt 0:00:05]} Rb8 {[%emt 0:00:06]} 16. Qc2 {[%emt 0:00:02]} Bxc3 {[%emt
0:00:18]} 17. Bxc3 {[%emt 0:00:03]} Nef6 {[%emt 0:00:20]} 18. f4 {[%emt 0:00:
04]} Rd8 {[%emt 0:00:05]} 19. Bf3 {[%emt 0:00:06]} e5 {[%emt 0:00:10]} 20. fxe5
{[%emt 0:00:19]} Nxe5 {[%emt 0:00:13]} 21. Bxe5 {[%emt 0:00:09]} dxe5 {[%emt 0:
00:01]} 22. Be2 {[%emt 0:00:08]} Ne8 {[%emt 0:00:12]} 23. Bd3 {[%emt 0:00:02]}
f6 {[%emt 0:00:03]} 24. Rac1 {[%emt 0:00:06]} Kg7 {[%emt 0:00:07]} 25. Nb6 {
[%emt 0:00:04]} Nd6 {[%emt 0:00:18]} 26. Qxc5 {[%emt 0:00:03]} Qxc5+ {[%emt 0:
00:02]} 27. Rxc5 {[%emt 0:00:01]} Bb7 {[%emt 0:00:05]} 28. Rc7+ {[%emt 0:00:02]
} Kh6 {[%emt 0:00:05]} 29. Rxf6 {[%emt 0:00:03]} Ne8 {[%emt 0:00:14]} 30. Rff7
{[%emt 0:00:06]} Nxc7 {[%emt 0:00:01]} 31. Rxc7 {[%emt 0:00:01]} Rd6 {[%emt 0:
00:14]} 32. Nd7 {[%emt 0:00:02]} Rxd7 {[%emt 0:00:14]} 33. Rxd7 {[%emt 0:00:02]
} Rc8 {[%emt 0:00:01]} 34. Rxb7 {[%emt 0:00:02] Daky Fighter resigns} 1-0

[Event "Villarobledo Online Qualifyer"]
[Site "playchess.com #155672"]
[Date "2009.05.23"]
[Round "7"]
[White "Acedrex"]
[Black "-st!er-"]
[Result "0-1"]
[WhiteElo "2114"]
[BlackElo "2782"]
[PlyCount "82"]
[EventDate "2009.05.23"]
[EventType "swiss (blitz)"]

1. e4 {[%emt 0:00:11]} c5 {[%emt 0:00:01]} 2. Nf3 {[%emt 0:00:02]} Nc6 {[%emt
0:00:01]} 3. b3 {[%emt 0:00:01]} Nf6 {[%emt 0:00:01]} 4. e5 {[%emt 0:00:03]}
Nd5 {[%emt 0:00:01]} 5. Bb2 {[%emt 0:00:01]} g6 {[%emt 0:00:01]} 6. Bc4 {[%emt
0:00:05]} Nb6 {[%emt 0:00:04]} 7. Bb5 {[%emt 0:00:03]} Bg7 {[%emt 0:00:01]} 8.
Bxc6 {[%emt 0:00:01]} bxc6 {[%emt 0:00:04]} 9. O-O {[%emt 0:00:02]} d6 {[%emt
0:00:02]} 10. Qe2 {[%emt 0:00:02]} O-O {[%emt 0:00:04]} 11. exd6 {[%emt 0:00:
04]} exd6 {[%emt 0:00:03]} 12. Bxg7 {[%emt 0:00:01]} Kxg7 {[%emt 0:00:00]} 13.
d4 {[%emt 0:00:06]} Re8 {[%emt 0:00:04]} 14. Qd2 {[%emt 0:00:04]} Bg4 {[%emt 0:
00:03]} 15. dxc5 {[%emt 0:00:04]} dxc5 {[%emt 0:00:04]} 16. Qxd8 {[%emt 0:00:
02]} Raxd8 {[%emt 0:00:02]} 17. c4 {[%emt 0:00:18]} Rd3 {[%emt 0:00:04]} 18.
Nfd2 {[%emt 0:00:24]} Re2 {[%emt 0:00:04]} 19. f3 {[%emt 0:00:01]} Bf5 {[%emt
0:00:02]} 20. Rf2 {[%emt 0:00:11]} Re1+ {[%emt 0:00:05]} 21. Rf1 {[%emt 0:00:
01]} Re7 {[%emt 0:00:05]} 22. Kf2 {[%emt 0:00:07]} Red7 {[%emt 0:00:04]} 23.
Ke2 {[%emt 0:00:12]} R3d4 {[%emt 0:00:05]} 24. Rf2 {[%emt 0:00:06]} h5 {[%emt
0:00:13]} 25. Ke1 {[%emt 0:00:24]} Re7+ {[%emt 0:00:17]} 26. Re2 {[%emt 0:00:
02]} Red7 {[%emt 0:00:06]} 27. Nc3 {[%emt 0:00:03]} Bd3 {[%emt 0:00:03]} 28.
Rf2 {[%emt 0:00:07]} f5 {[%emt 0:00:01]} 29. h4 {[%emt 0:00:07]} Rxh4 {[%emt 0:
00:02]} 30. Nf1 {[%emt 0:00:04]} Re7+ {[%emt 0:00:04]} 31. Kd2 {[%emt 0:00:03]}
Rd4 {[%emt 0:00:01]} 32. Ne3 {[%emt 0:00:12]} Bxc4+ {[%emt 0:00:11]} 33. Kc2 {
[%emt 0:00:11]} Bd3+ {[%emt 0:00:02]} 34. Kd2 {[%emt 0:00:01]} Ba6+ {[%emt 0:
00:02]} 35. Kc2 {[%emt 0:00:01]} Rxe3 {[%emt 0:00:01]} 36. Rd1 {[%emt 0:00:04]}
Rxc3+ {[%emt 0:00:03]} 37. Kxc3 {[%emt 0:00:01]} Nd5+ {[%emt 0:00:02]} 38. Kc2
{[%emt 0:00:01]} Ne3+ {[%emt 0:00:01]} 39. Kc1 {[%emt 0:00:01]} Rxd1+ {[%emt 0:
00:01]} 40. Kb2 {[%emt 0:00:01]} Rd6 {[%emt 0:00:04]} 41. a4 {[%emt 0:00:03]}
Nd1+ {[%emt 0:00:02] Acedrex rinde  (Lag: Av=0.30s, max=1.0s)} 0-1